[Event "MVP-ch Seniors op 12th"]
[Site "Binz"]
[Date "2012.12.04"]
[Round "7"]
[White "Ganslmayer, Herbert"]
[Black "Gudat, Alfons"]
[Result "0-1"]
[WhiteElo "1675"]
[BlackElo "1787"]
[PlyCount "56"]
[EventDate "2012.11.28"]
[EventType "swiss"]
[EventRounds "9"]
[EventCountry "GER"]
[SourceTitle "EXT 2014"]
[Source "ChessBase"]
[SourceDate "2013.11.20"]
[SourceVersion "1"]
[SourceVersionDate "2013.11.20"]
[SourceQuality "1"]

1. d4 Nf6 2. e3 e6 3. Bd3 b6 4. Nf3 Bb7 5. 0-0 Be7 6. Qe2 d5 7. Nbd2 Ne4 8. Ne5 0-0 9. f3 Nd6 10. c3 Nd7 11. Nxd7 Qxd7 12. e4 c5 13. e5 Nf5 14. g4 Nh4 15. f4 f5 16. g5 Ng6 17. Rf3 Rf7 18. Nf1 Rc8 19. Rh3 Nf8 20. Qh5 g6 21. Qf3 cxd4 22. cxd4 Qa4 23. Qf2 Qd1 24. Be2 Qc2 25. Rd3 Qa4 26. b3 Qc6 27. Bd2 Qc2 28. Bd1 Qxd3 0-1

[Event "MVP-ch Seniors op 12th"]
[Site "Binz"]
[Date "2012.12.02"]
[Round "5"]
[White "Ganslmayer, Herbert"]
[Black "Moeller, Peter1"]
[Result "1/2-1/2"]
[WhiteElo "1675"]
[BlackElo "1525"]
[PlyCount "43"]
[EventDate "2012.11.28"]
[EventType "swiss"]
[EventRounds "9"]
[EventCountry "GER"]
[SourceTitle "EXT 2014"]
[Source "ChessBase"]
[SourceDate "2013.11.20"]
[SourceVersion "1"]
[SourceVersionDate "2013.11.20"]
[SourceQuality "1"]

1. d4 d5 2. e3 e6 3. Bd3 Nf6 4. f4 b6 5. Nf3 Be7 6. 0-0 Ba6 7. Ne5 Bxd3 8. Qxd3 0-0 9. Nc3 c5 10. Bd2 c4 11. Qe2 a6 12. a3 Qc7 13. g4 Nc6 14. g5 Nd7 15. Nxd7 Qxd7 16. Qg4 Rad8 17. Rf3 f5 18. gxf6 Rxf6 19. Kh1 Rg6 20. Qh3 Rh6 21. Qg2 Rg6 22. Qh3 1/2-1/2

[Event "MVP-ch Seniors op 12th"]
[Site "Binz"]
[Date "2012.11.30"]
[Round "3"]
[White "Ganslmayer, Herbert"]
[Black "Manthey, Juergen"]
[Result "1/2-1/2"]
[WhiteElo "1675"]
[BlackElo "1919"]
[PlyCount "45"]
[EventDate "2012.11.28"]
[EventType "swiss"]
[EventRounds "9"]
[EventCountry "GER"]
[SourceTitle "EXT 2014"]
[Source "ChessBase"]
[SourceDate "2013.11.20"]
[SourceVersion "1"]
[SourceVersionDate "2013.11.20"]
[SourceQuality "1"]

1. d4 Nf6 2. Nc3 d5 3. Bg5 Bf5 4. Nf3 e6 5. e3 Be7 6. Bd3 Ne4 7. Bxe7 Qxe7 8. Qe2 0-0 9. Bxe4 Bxe4 10. Nxe4 dxe4 11. Nd2 Qb4 12. Rb1 f5 13. a3 Qe7 14. 0-0 Nd7 15. c4 a5 16. c5 b6 17. b4 axb4 18. axb4 Ra2 19. Rfd1 Rd8 20. Qc4 Nf6 21. Nb3 Ng4 22. Rd2 Kf7 23. h3 1/2-1/2

[Event "MVP-ch Seniors op 12th"]
[Site "Binz"]
[Date "2012.11.28"]
[Round "1"]
[White "Ganslmayer, Herbert"]
[Black "Zunker, Reinhard"]
[Result "0-1"]
[WhiteElo "1675"]
[BlackElo "2052"]
[PlyCount "46"]
[EventDate "2012.11.28"]
[EventType "swiss"]
[EventRounds "9"]
[EventCountry "GER"]
[SourceTitle "EXT 2014"]
[Source "ChessBase"]
[SourceDate "2013.11.20"]
[SourceVersion "1"]
[SourceVersionDate "2013.11.20"]
[SourceQuality "1"]

1. d4 Nf6 2. Nd2 c5 3. e3 cxd4 4. exd4 Nc6 5. c3 d6 6. f4 g6 7. Ngf3 Bg7 8. Bd3 0-0 9. 0-0 e5 10. fxe5 dxe5 11. dxe5 Ng4 12. Ne4 Qb6+ 13. Nf2 Ncxe5 14. Nxe5 Bxe5 15. Qf3 Nxh2 16. Qe4 Ng4 17. Bf4 Bf5 18. Qf3 Bxd3 19. Bxe5 Nxe5 20. Qg3 Bxf1 21. Rxf1 Rfe8 22. Kh1 f5 23. Re1 Nf7 0-1

[Event "GER-chT Seniors 21st"]
[Site "Berlin"]
[Date "2012.09.15"]
[Round "6.58"]
[White "Pamperin, Gerhard"]
[Black "Ganslmayer, Herbert"]
[Result "1/2-1/2"]
[WhiteElo "1863"]
[BlackElo "1677"]
[PlyCount "49"]
[EventDate "2012.09.10"]
[EventType "team-swiss"]
[EventRounds "7"]
[EventCountry "GER"]
[SourceTitle "CBM 150 Extra"]
[Source "ChessBase"]
[SourceDate "2012.10.19"]
[SourceVersion "1"]
[SourceVersionDate "2012.10.19"]
[SourceQuality "1"]
[WhiteTeam "Mecklenburg Vorpommern Seniors II"]
[BlackTeam "Bayern Seniors II"]
[WhiteTeamCountry "GER"]
[BlackTeamCountry "GER"]

1. d4 d5 2. Nf3 e6 3. c4 c6 4. cxd5 exd5 5. Nc3 f5 6. g3 Nf6 7. Bg5 Bd6 8. Bg2 0-0 9. 0-0 Nbd7 10. Qc2 Nb6 11. e3 Qe8 12. Rfe1 Ne4 13. Bf4 Bb4 14. h4 h6 15. Be5 Nd7 16. a3 Bxc3 17. bxc3 g5 18. hxg5 hxg5 19. c4 g4 20. Nh4 Nxe5 21. dxe5 Be6 22. cxd5 Bxd5 23. Qb2 Rb8 24. Red1 Qe6 25. Qd4 1/2-1/2

[Event "GER-chT Seniors 21st"]
[Site "Berlin"]
[Date "2012.09.11"]
[Round "2.132"]
[White "Just, Joachim"]
[Black "Ganslmayer, Herbert"]
[Result "1-0"]
[WhiteElo "1844"]
[BlackElo "1677"]
[PlyCount "93"]
[EventDate "2012.09.10"]
[EventType "team-swiss"]
[EventRounds "7"]
[EventCountry "GER"]
[SourceTitle "CBM 150 Extra"]
[Source "ChessBase"]
[SourceDate "2012.10.19"]
[SourceVersion "1"]
[SourceVersionDate "2012.10.19"]
[SourceQuality "1"]
[WhiteTeam "Sachsen Anhalt Seniors II"]
[BlackTeam "Bayern Seniors II"]
[WhiteTeamCountry "GER"]
[BlackTeamCountry "GER"]

1. d4 d5 2. Nf3 e6 3. g3 Bd6 4. Bg2 Nd7 5. 0-0 f5 6. c4 c6 7. b3 Ngf6 8. Bf4 Bc7 9. Nc3 0-0 10. Rc1 Ne4 11. Bxc7 Qxc7 12. cxd5 Nxc3 13. Rxc3 exd5 14. e3 Qd6 15. Qc2 Nf6 16. Ne5 Ne4 17. Rd3 Be6 18. f3 Ng5 19. h4 Nf7 20. f4 Nh6 21. Rc3 Rac8 22. Bf3 Ng4 23. Qe2 Nf6 24. Kh2 Ne4 25. Bxe4 fxe4 26. Rfc1 Rf6 27. Rc5 Rc7 28. b4 a6 29. a4 Bd7 30. b5 axb5 31. axb5 Qe6 32. Qg2 Rc8 33. bxc6 Bxc6 34. Qh3 Qe8 35. Rxd5 Ra8 36. Rdc5 Ra2+ 37. R5c2 Qa8 38. Qg2 Rxc2 39. Qxc2 Qa3 40. Qc4+ Kf8 41. Rc3 Qb2+ 42. Rc2 Qa3 43. Qc5+ Qxc5 44. Rxc5 Ke7 45. g4 Rd6 46. f5 Rd5 47. Nxc6+ 1-0

[Event "Bad Woerishofen Seniors op 28th"]
[Site "Bad Woerishofen"]
[Date "2012.03.08"]
[Round "7.40"]
[White "Weyand, Fernand"]
[Black "Ganslmayer, Herbert"]
[Result "1/2-1/2"]
[WhiteElo "1652"]
[BlackElo "1689"]
[PlyCount "89"]
[EventDate "2012.03.02"]
[EventType "swiss"]
[EventRounds "9"]
[EventCountry "GER"]
[SourceTitle "EXT 2022"]
[Source "ChessBase"]
[SourceDate "2021.10.06"]
[SourceVersion "1"]
[SourceVersionDate "2021.10.06"]
[SourceQuality "1"]

1. e4 e6 2. d4 c5 3. Nf3 Nf6 4. Bd3 cxd4 5. Nxd4 Qb6 6. Nf3 Bc5 7. 0-0 Nc6 8. Nc3 Qc7 9. Bg5 Ng4 10. Bh4 0-0 11. Bg3 e5 12. Qe2 d6 13. Rad1 Be6 14. Ng5 Nd4 15. Qd2 Bb4 16. Nxe6 fxe6 17. Qg5 Nf6 18. Ne2 Nxe2+ 19. Bxe2 Nxe4 20. Qg4 Nxg3 21. Qxe6+ Kh8 22. hxg3 Rf6 23. Qc4 Bc5 24. Qe4 Qb6 25. Bf3 Raf8 26. b3 a6 27. Rd2 Qa5 28. Re2 b5 29. a4 bxa4 30. Qxa4 Qxa4 31. bxa4 Rb8 32. c3 Rf7 33. g4 Rf4 34. Re4 Rxe4 35. Bxe4 g5 36. g3 Rb3 37. Rc1 a5 38. Kg2 Rb2 39. Rc2 Ba3 40. Rxb2 Bxb2 41. c4 h6 42. Kf3 Bd4 43. Bc6 Kg7 44. Bd5 Kf6 45. Be4 1/2-1/2

[Event "Mittelfranken-chTB2b 1011"]
[Site "Germany"]
[Date "2011.04.03"]
[Round "8.8"]
[White "Roder, Siegfried"]
[Black "Ganslmayer, Herbert"]
[Result "0-1"]
[WhiteElo "1274"]
[BlackElo "1706"]
[PlyCount "40"]
[EventDate "2010.09.26"]
[EventType "team-tourn"]
[EventRounds "9"]
[EventCountry "GER"]
[SourceTitle "EXT 2012"]
[Source "ChessBase"]
[SourceDate "2011.11.24"]
[SourceVersion "1"]
[SourceVersionDate "2011.11.24"]
[SourceQuality "1"]
[WhiteTeam "Schwanstetten"]
[BlackTeam "Cadolzburg"]
[WhiteTeamCountry "GER"]
[BlackTeamCountry "GER"]

1. e4 b6 2. Nf3 Bb7 3. Nc3 e6 4. d3 Nf6 5. g3 Bb4 6. Bd2 0-0 7. a3 Bxc3 8. Bxc3 d5 9. e5 Nfd7 10. Bd2 d4 11. Rg1 c5 12. Bg2 Qc7 13. Bf4 Nc6 14. Qe2 Ne7 15. Kd2 b5 16. h4 Nd5 17. Rae1 Qa5+ 18. Kc1 b4 19. Nd2 bxa3 20. bxa3 Qxa3+ 0-1

[Event "Mittelfranken-chTB2b 1011"]
[Site "Germany"]
[Date "2011.03.13"]
[Round "7.8"]
[White "Ganslmayer, Herbert"]
[Black "Lenz, Harald"]
[Result "1/2-1/2"]
[WhiteElo "1706"]
[BlackElo "1826"]
[PlyCount "106"]
[EventDate "2010.09.26"]
[EventType "team-tourn"]
[EventRounds "9"]
[EventCountry "GER"]
[SourceTitle "EXT 2012"]
[Source "ChessBase"]
[SourceDate "2011.11.24"]
[SourceVersion "1"]
[SourceVersionDate "2011.11.24"]
[SourceQuality "1"]
[WhiteTeam "Cadolzburg"]
[BlackTeam "Nuernberg NT IV"]
[WhiteTeamCountry "GER"]
[BlackTeamCountry "GER"]

1. d3 d5 2. Nd2 Nf6 3. e4 dxe4 4. dxe4 e5 5. Ngf3 Bg4 6. Be2 Bxf3 7. Bxf3 Nbd7 8. 0-0 Bc5 9. a4 a6 10. Nb3 Bb6 11. Bg5 h6 12. Bh4 0-0 13. Qe2 Nc5 14. Rad1 Qe7 15. Nxc5 Bxc5 16. Qc4 Bd6 17. Rd3 g5 18. Bg3 Rfe8 19. h3 Rab8 20. Rb3 a5 21. Bg4 Nxg4 22. hxg4 Qe6 23. Qe2 Qd7 24. Rb5 b6 25. Rd1 Qc6 26. Rdd5 f6 27. c3 Ra8 28. Qf3 Kg7 29. Qd3 Re7 30. f3 Rd7 31. Bf2 Kf7 32. c4 Rad8 33. Qb3 Bb4 34. Rxd7+ Rxd7 35. Rd5 Kg7 36. Qc2 Kf7 37. b3 Rd6 38. Qd3 Ke7 39. g3 Qd7 40. Kg2 c5 41. Be3 Ba3 42. Rxd6 Qxd6 43. Qd5 Qxd5 44. exd5 Bb2 45. Kf2 Bd4 46. Ke2 Kd6 47. Kd3 Kd7 48. f4 Kd6 49. Ke4 Ke7 50. fxg5 fxg5 51. Bd2 Kf6 52. Be1 Bb2 53. Bd2 Bd4 1/2-1/2

[Event "Seefeld op 19th"]
[Site "Seefeld"]
[Date "2008.09.05"]
[Round "1"]
[White "Santl, Anton"]
[Black "Ganslmayer, Herbert"]
[Result "1-0"]
[WhiteElo "2131"]
[BlackElo "2026"]
[PlyCount "59"]
[EventDate "2008.09.05"]
[EventType "swiss"]
[EventRounds "9"]
[EventCountry "AUT"]
[SourceTitle "EXT 2010"]
[Source "ChessBase"]
[SourceDate "2010.11.25"]
[SourceVersion "1"]
[SourceVersionDate "2010.11.25"]
[SourceQuality "1"]

1. Nf3 g6 2. c4 Bg7 3. d4 c6 4. e4 d6 5. g3 Nf6 6. Nc3 0-0 7. Bg2 Nbd7 8. 0-0 e5 9. h3 Qc7 10. Be3 Re8 11. Rc1 exd4 12. Nxd4 Nc5 13. Qc2 Ne6 14. Nde2 Bd7 15. f4 Rac8 16. Qd2 Qb8 17. b4 Rcd8 18. f5 Nf8 19. Bf4 Qc8 20. g4 c5 21. b5 gxf5 22. gxf5 Bxf5 23. exf5 Qxf5 24. Bg5 Qe5 25. Bxb7 Ng6 26. Bc6 Nh5 27. Bxd8 Rxd8 28. Kh1 Qe6 29. Bg2 Nh4 30. Qg5 1-0

[Event "Bad Woerishofen Seniors op 24th"]
[Site "Bad Woerishofen"]
[Date "2008.03.07"]
[Round "9"]
[White "Neumann, Erwin"]
[Black "Ganslmayer, Herbert"]
[Result "1/2-1/2"]
[WhiteElo "1806"]
[BlackElo "1758"]
[PlyCount "32"]
[EventDate "2008.02.28"]
[EventType "swiss"]
[EventRounds "9"]
[EventCountry "GER"]
[SourceTitle "EXT 2022"]
[Source "ChessBase"]
[SourceDate "2021.10.06"]
[SourceVersion "1"]
[SourceVersionDate "2021.10.06"]
[SourceQuality "1"]

1. e4 g6 2. d4 c6 3. Nc3 Bg7 4. Nf3 d6 5. Be3 Nd7 6. Bd3 Qc7 7. Ne2 e5 8. c3 Ngf6 9. h3 0-0 10. 0-0 Nh5 11. Qc2 b6 12. b4 c5 13. Qb3 Bb7 14. g4 Nhf6 15. Ng3 Rac8 16. bxc5 exd4 1/2-1/2

[Event "Bad Woerishofen Seniors op 24th"]
[Site "Bad Woerishofen"]
[Date "2008.03.04"]
[Round "6"]
[White "Ganslmayer, Herbert"]
[Black "Baum, Bernd"]
[Result "0-1"]
[WhiteElo "2003"]
[BlackElo "2204"]
[PlyCount "90"]
[EventDate "2008.02.28"]
[EventType "swiss"]
[EventRounds "9"]
[EventCountry "GER"]
[SourceTitle "EXT 2019"]
[Source "ChessBase"]
[SourceDate "2018.10.10"]
[SourceVersion "1"]
[SourceVersionDate "2018.10.10"]
[SourceQuality "1"]

1. g3 e5 2. d3 d5 3. Bg2 Nc6 4. c3 g6 5. Qc2 Bg7 6. Nf3 Nge7 7. e4 a5 8. a4 h6 9. 0-0 0-0 10. h3 Be6 11. Kh2 f5 12. Nbd2 g5 13. Ng1 Qd7 14. Ndf3 Ng6 15. Qe2 Rad8 16. Be3 g4 17. Nh4 Nxh4 18. gxh4 f4 19. exd5 Bxd5 20. Bxd5+ Qxd5 21. c4 Qd6 22. Bd2 gxh3 23. Qg4 Qxd3 24. Qe6+ Kh8 25. Bc3 Rd6 26. Qxh3 Qxc4 27. Rad1 Rfd8 28. Rxd6 cxd6 29. Nf3 Qf7 30. Rg1 d5 31. Ng5 hxg5 32. hxg5+ Kg8 33. g6 Qf6 34. Qh5 d4 35. Rg5 Rd6 36. Bd2 b6 37. Qh7+ Kf8 38. Qh5 Ke8 39. Qg4 Qe6 40. Qh5 Qe7 41. Qg4 Kd8 42. b4 axb4 43. Qg2 Kc7 44. Rh5 b3 45. a5 bxa5 0-1

[Event "Bad Woerishofen Seniors op 24th"]
[Site "Bad Woerishofen"]
[Date "2008.03.01"]
[Round "3"]
[White "Klempt, Guenter"]
[Black "Ganslmayer, Herbert"]
[Result "1/2-1/2"]
[WhiteElo "2060"]
[BlackElo "2003"]
[PlyCount "64"]
[EventDate "2008.02.28"]
[EventType "swiss"]
[EventRounds "9"]
[EventCountry "GER"]
[SourceTitle "EXT 2019"]
[Source "ChessBase"]
[SourceDate "2018.10.10"]
[SourceVersion "1"]
[SourceVersionDate "2018.10.10"]
[SourceQuality "1"]

1. d4 g6 2. e4 Bg7 3. Nf3 c6 4. c4 d6 5. Nc3 Nd7 6. Be2 Ngf6 7. 0-0 0-0 8. h3 Qc7 9. Be3 e5 10. Rc1 a5 11. Qd2 Re8 12. dxe5 dxe5 13. Rfd1 Nf8 14. a3 Ne6 15. Qc2 b6 16. b4 axb4 17. axb4 Bb7 18. c5 b5 19. Rd6 Red8 20. Rcd1 Ne8 21. Rxd8 Rxd8 22. Ng5 Nd4 23. Qa2 Nxe2+ 24. Qxe2 Rxd1+ 25. Qxd1 Bc8 26. Nf3 Be6 27. Qa1 h6 28. Nd2 f5 29. f3 f4 30. Bf2 Qd7 31. Qd1 Bf6 32. Ndb1 Qa7 1/2-1/2

[Event "Bad Woerishofen Seniors op 24th"]
[Site "Bad Woerishofen"]
[Date "2008.02.28"]
[Round "1"]
[White "Bierwisch, Bernhard"]
[Black "Ganslmayer, Herbert"]
[Result "0-1"]
[WhiteElo "2027"]
[BlackElo "1758"]
[PlyCount "32"]
[EventDate "2008.02.28"]
[EventType "swiss"]
[EventRounds "9"]
[EventCountry "GER"]
[SourceTitle "EXT 2022"]
[Source "ChessBase"]
[SourceDate "2021.10.06"]
[SourceVersion "1"]
[SourceVersionDate "2021.10.06"]
[SourceQuality "1"]

1. e4 g6 2. d4 Bg7 3. Nf3 c6 4. Be2 d6 5. 0-0 Nd7 6. c3 Ngf6 7. Qd3 0-0 8. Re1 Qc7 9. Bg5 Re8 10. Nbd2 a5 11. a4 b6 12. b4 e5 13. b5 cxb5 14. axb5 Bb7 15. d5 Nc5 16. Qe3 Ng4 0-1

[Event "Chiemgau Seniors Cup 3th"]
[Site "Bergen"]
[Date "2007.10.28"]
[Round "7"]
[White "Busic, Nedjeljko"]
[Black "Ganslmayer, Herbert"]
[Result "1/2-1/2"]
[WhiteElo "1863"]
[BlackElo "1739"]
[PlyCount "50"]
[EventDate "2007.10.22"]
[EventType "swiss"]
[EventRounds "9"]
[EventCountry "GER"]
[SourceTitle "EXT 2008"]
[Source "ChessBase"]
[SourceDate "2007.11.25"]
[SourceVersion "1"]
[SourceVersionDate "2007.11.25"]
[SourceQuality "1"]

1. e4 c6 2. d4 g6 3. Bc4 Bg7 4. c3 d5 5. exd5 cxd5 6. Bd3 Nf6 7. Bf4 Nc6 8. Nf3 0-0 9. h3 Re8 10. 0-0 Bd7 11. Nbd2 Nh5 12. Bh2 e5 13. dxe5 Nxe5 14. Nxe5 Bxe5 15. Bxe5 Rxe5 16. Nf3 Re8 17. Qd2 Qf6 18. Qh6 Qg7 19. Qxg7+ Nxg7 20. Rad1 Ne6 21. Ne5 Bc6 22. Ng4 Kg7 23. f4 Nc5 24. Kf2 Nxd3+ 25. Rxd3 Bb5 1/2-1/2